000
00256nam a2200097Ia 4500
082
_a
J 242.82 KITC
245
0
_a
Bless this way
100
_a
KITCH, Anne E. Harrisburg, Pa., 2003
_9
92506
942
_c
BK
008
210817s9999 xx 000 0 und d
999
_c
377188
_d
377187